| 000 | 01738cam a22002174a 4500 | ||
|---|---|---|---|
| 005 | 20250605164051.0 | ||
| 008 | 250528s ||||||||||||||||||||||||d | ||
| 035 | _a17269 | ||
| 020 | _a582320151 | ||
| 040 |
_aGR-AtMCL _bgre _dGR-AtMCL _eAACR2 |
||
| 245 | 1 | _aEuropean Monetary Integration / From the European Monetary System to Economic and Monetary Union | |
| 250 | _a2nd | ||
| 260 |
_bLongman, _c1998 |
||
| 300 | _a576 | ||
| 520 | _aAn essential reading for all students of European monetary integration and international macroeconomics, as well as anybody with a professional interest in European economics. Introduction, A Brief History of European Monetary Integration, The Beginning: from the European Payments Unions to the Snake, The Making of the European Monetary System, The European Monetary System, The European Monetary System and the ecu, Analytical Issues: A Critical Appraisal of the EMS - 1979-92, Lessons from a Failed Transition? The Speculative Attacks of 1992-5, From the Ecu, Analytical Issues: a Critical Appraisal of the EMS - 1979-92, Lessons from a Failed Transition? The Speculative Attacks of 1992-5, From the Ecu to the Euro, The Economics of Monetary Union, Why Monetary Union? Costs and Benefits of EMU, The Relationship between Economic and Monetary Integration: EMU and National Fiscal Policy, EMU and the Global Monetary System, Towards Monetary Union, Agreeing on EMU: From Political Initiatives to the Delors Report and the Maastricht Treaty, After Maastricht: Concrete Steps towards Monetary Union, The European System of Central Banks and Price Stability, Index. | ||
| 700 | 1 |
_aGros Daniel _93428 |
|
| 700 | 1 |
_aThygesen Niels _93429 |
|
| 942 | _cBK | ||
| 999 |
_c2697 _d2697 |
||